Statistics for 50 digits of E (mathematical constant)

Click here to take the quiz!

General Stats

  • This quiz has been taken 273 times
  • The average score is 13 of 50

Answer Stats

Answer % Correct
2.
100%
7
95%
1
87%
8
74%
2
67%
8
64%
1
55%
8
51%
2
49%
8
48%
4
42%
5
41%
0
36%
9
36%
4
35%
5
34%
2
33%
3
32%
5
28%
6
26%
3
26%
0
25%
8
23%
7
23%
2
23%
7
22%
4
22%
1
20%
5
15%
3
15%
2
12%
6
8%
2
8%
6
8%
4
5%
7
4%
5
4%
7
4%
9
4%
2
3%
4
3%
7
3%
9
1%
9
1%
6
1%
9
1%
0
1%
7
1%
9
1%
3
1%

Score Distribution

Percentile by Number Answered

Percent of People with Each Score

Your Score History

You have not taken this quiz